Управление портфелем паевых инвестиционных фондов КИТ ФИНАНС; Перспективы развития фундаментальных наук

Detalles Bibliográficos
Parent link:Перспективы развития фундаментальных наук.— 2008.— С. 267-269
Autor Principal: Лёвочкина Ю. А.
Outros autores: Шинкеев М. Л. (научный руководитель)
Idioma:ruso
Publicado: 2008
Subjects:
Formato: MixedMaterials Capítulo de libro
KOHA link:https://koha.lib.tpu.ru/cgi-bin/koha/opac-detail.pl?biblionumber=154428

MARC

LEADER 00000naa2a2200000 4500
001 154428
005 20231031151857.0
035 |a (RuTPU)RU\TPU\book\167509 
090 |a 154428 
100 |a 20090226d2008 k y0rusy50 ca 
101 0 |a rus 
102 |a RU 
200 1 |a Управление портфелем паевых инвестиционных фондов КИТ ФИНАНС  |f Ю. А. Лёвочкина  |g науч. рук. М. Л. Шинкеев 
320 |a Библиогр.: 4 назв. 
463 0 |0 (RuTPU)RU\TPU\book\161548  |t Перспективы развития фундаментальных наук  |o труды V Международной конференции студентов и молодых ученых, 20-23 мая 2008 г., Томск  |f Томский политехнический университет (ТПУ)  |v С. 267-269  |d 2008  |p 334 с. 
610 1 |a инфестиционные фонды 
610 1 |a паевые инвестиционные фонды 
610 1 |a управление 
610 1 |a инвестиционный портфель 
610 1 |a инвестирование 
610 1 |a предприятия 
610 1 |a труды учёных ТПУ 
700 1 |a Лёвочкина  |b Ю. А. 
702 1 |a Шинкеев  |b М. Л.  |4 727 
801 1 |a RU  |b 63413507  |c 20090226  |g PSBO 
942 |c BK